00883nam a2200205Ia 4500001000400000002005100004008004100055010001100096260004600107300001700153502024700170650001700417700004300434700005400477700004500531700005400576904000900630942001900639999001900658IA_ACIDEZ DE 10 VARIEDADES DE NOPALITO (OPUNNTIA SPP.220117s DE xx 000 0 und d a184658 aChapíngo , México :bEl autor,c DE  aviii, 104 h. aTesis (Ingeniero Agrónomo Especialista en Ingeniería Agroindustrial) -- UACh. Departamento de Ingeniería Agroindustrial, 2002 \ Dirección: Joel Corrales García \ Asesoría: Cecilia Beatriz Peña Valdivia y David Rubio Hernández aNopal981647 aCorrales García, Joel, dir. 9149687 aPeña Valdivia, Cecilia Beatriz, asesor 9163720 aRubio Hernández, David, asesor9157592 aSánchez Hernández, Margarita, coaut. 9157550 a DE  cTESIS R39 2002 c184658d184658